000 00338nam a2200121Ia 4500
008 230907s9999||||xx |||||||||||||| ||und||
082 _a621.3
_bPFL
100 _aPflugfelder, Bob
_9115407
245 0 _aNick and Tesla's high-voltage danger lab :
260 _aRupa Publications,
_bNew Delhi :
_c2016
300 _a237 pages :
942 _cBK
999 _c598332
_d598332